000 01191nam a22002057a 4500
999 _c59452
_d59452
003 Ge_BSU
005 20230221105238.0
008 230221s2015ge xxu||||| |||| 00| 0 geo d
020 _a9789941455971
041 _ageo
080 _a634.6(075.8)+633/635(075.8) ქ-60
100 _aქობალია, ვ
_916986
245 _aსუბტროპიკულ მცენარეთა ზოგადი სელექცია, მეთესლეობა და ჯიშთმცოდნეობა /
_cვ. ქობალია, რედ. რამაზ კილაძე.
264 _aქუთაისი,
_bაკაკი წერეთლის სახელმწიფო უნივერსიტეტის გამ-ბა,
_c2015.
300 _a309 გვ.:
_bილ,
_c22 სმ.
653 _aსუბტროპიკულ მცენარეთა ზოგადი სელექცია, მეთესლეობა და ჯიშთმცოდნეობა
653 _aსოფლის მეურნეობა
700 _aკილაძე, რამაზ
_eრედაქტორი
_916987
942 _2udc
_cBK